[Event "33rd Olympiad men"]
[Site "Elista RUS"]
[Date "1998.10.01"]
[Round "3.1"]
[White "Kanengoni, Arnold T"]
[Black "Brestian, Egon"]
[Result "1/2-1/2"]
[WhiteElo "2215"]
[BlackElo "2430"]
[PlyCount "52"]
[EventDate "1998.??.??"]

1. d4 d5 2. c4 e6 3. Nc3 Nf6 4. Bg5 Be7 5. Nf3 O-O 6. e3 b6 7. cxd5 exd5 8. Bd3
Bb7 9. O-O h6 10. Bh4 Nbd7 11. Rc1 c5 12. Bf5 Re8 13. Ne5 Nxe5 14. dxe5 Ne4 15.
Bxe7 Qxe7 16. f4 Nxc3 17. bxc3 Rad8 18. Bb1 d4 19. cxd4 cxd4 20. exd4 Qb4 21.
Rc7 Rxd4 22. Qg4 Be4 23. Bxe4 Rxe4 24. Qf5 Qd4+ 25. Kh1 Rf8 26. h3 Re2 1/2-1/2

[Event "33rd Olympiad men"]
[Site "Elista RUS"]
[Date "1998.10.01"]
[Round "3.2"]
[White "Baumegger, Siegfried"]
[Black "Mangwengwende, John"]
[Result "1-0"]
[WhiteElo "2360"]
[BlackElo "2165"]
[PlyCount "93"]
[EventDate "1998.??.??"]

1. d4 Nf6 2. c4 g6 3. Nc3 Bg7 4. e4 d6 5. Nf3 O-O 6. Be2 e5 7. O-O Nc6 8. d5
Ne7 9. Ne1 Nd7 10. f3 f5 11. g4 Nf6 12. Nd3 h5 13. g5 Nh7 14. h4 f4 15. Kh1 c6
16. b4 b5 17. Nf2 Nxg5 18. hxg5 Nf5 19. exf5 Qxg5 20. Nce4 Qh4+ 21. Kg2 gxf5
22. Rh1 Qe7 23. dxc6 fxe4 24. Nxe4 Be6 25. Qxd6 Qxd6 26. Nxd6 bxc4 27. Bxc4 Rf6
28. Bxe6+ Rxe6 29. Ne4 Rxc6 30. Bd2 Rd8 31. Rac1 Rh6 32. Rc7 a6 33. Rhc1 Rg6+
34. Kh3 Rd3 35. R1c3 Rd4 36. R7c6 Rg1 37. Rc1 Rxc1 38. Rxc1 Bf8 39. a3 Be7 40.
Rc7 Bd8 41. Rc6 Rd3 42. Rd6 Rxf3+ 43. Kg2 Rxa3 44. Rxd8+ Kf7 45. Rd6 h4 46. Rh6
Kg7 47. Re6 1-0

[Event "33rd Olympiad men"]
[Site "Elista RUS"]
[Date "1998.10.01"]
[Round "3.3"]
[White "Mamombe, Kudzanai"]
[Black "Danner, Georg"]
[Result "0-1"]
[WhiteElo "2135"]
[BlackElo "2340"]
[PlyCount "140"]
[EventDate "1998.??.??"]

1. e4 c5 2. Nf3 d6 3. d4 Nf6 4. Nc3 cxd4 5. Nxd4 a6 6. Be3 e5 7. Nb3 Be6 8. f3
Be7 9. Qd2 h5 10. O-O-O Nbd7 11. Kb1 Rc8 12. Qf2 b5 13. Nd5 Nxd5 14. exd5 Bf5
15. Bd3 Bxd3 16. Rxd3 f5 17. g3 O-O 18. f4 Bf6 19. Rg1 Re8 20. Bd2 e4 21. Ba5
exd3 22. Bxd8 Rxc2 23. Qf3 Rxb2+ 24. Kc1 Rxd8 25. Qxd3 Rxa2 26. Qxf5 a5 27. Re1
a4 28. Nd2 Rc8+ 29. Kd1 Ra1+ 30. Nb1 Rd8 31. Kd2 Ra2+ 32. Kc1 Nc5 33. Qg6 Rxh2
34. Re8+ Rxe8 35. Qxe8+ Kh7 36. f5 Nb3+ 37. Kd1 Rh1+ 38. Ke2 Nd4+ 39. Kf2 Rh2+
40. Kg1 Re2 41. Qxh5+ Kg8 42. Nc3 Re7 43. Kf2 a3 44. Na2 Re2+ 45. Kf1 Re5 46.
g4 Nf3 47. Kf2 Ng5 48. Kf1 Re3 49. Kf2 Re4 50. Kf1 Nf7 51. Qh3 b4 52. Nxb4 Rxb4
53. Qxa3 Rxg4 54. Qa8+ Bd8 55. Qc8 Re4 56. Kf2 Re5 57. Qd7 Kf8 58. Qb7 Rxf5+
59. Ke3 Re5+ 60. Kd4 Bf6 61. Kc4 g6 62. Kb5 Kg7 63. Kc6 Re7 64. Qc8 Be5 65. Qg4
Nh6 66. Qg5 Nf5 67. Qg4 Kf6 68. Qh3 Kg7 69. Qg4 Rf7 70. Qg5 Ne7+ 0-1

[Event "33rd Olympiad men"]
[Site "Elista RUS"]
[Date "1998.10.02"]
[Round "4.1"]
[White "Brestian, Egon"]
[Black "Efimov, Igor"]
[Result "1-0"]
[WhiteElo "2430"]
[BlackElo "2530"]
[PlyCount "79"]
[EventDate "1998.??.??"]

1. c4 b6 2. d4 e6 3. Nf3 Bb7 4. e3 f5 5. Nc3 Nf6 6. Be2 g6 7. O-O Bg7 8. b4 O-O
9. a4 Nc6 10. Ba3 Ne7 11. Rc1 h6 12. b5 d6 13. c5 bxc5 14. dxc5 Bxf3 15. Bxf3
d5 16. c6 g5 17. a5 h5 18. Na4 g4 19. Be2 Qe8 20. Bb4 Rf7 21. b6 cxb6 22. axb6
axb6 23. Nxb6 Rb8 24. Bxe7 Rxb6 25. c7 Qc8 26. Bd8 Ne4 27. Qd3 Kh7 28. f3 Nf6
29. Rb1 Rxb1 30. Rxb1 Rxc7 31. Bxc7 Qxc7 32. Bd1 Nd7 33. fxg4 hxg4 34. Bxg4 Kh8
35. Bf3 Ne5 36. Qb5 Qf7 37. Qb8+ Kh7 38. Rb7 Qg6 39. Qxe5 Qh6 40. Qxg7+ 1-0

[Event "33rd Olympiad men"]
[Site "Elista RUS"]
[Date "1998.10.02"]
[Round "4.2"]
[White "Godena, Michele"]
[Black "Baumegger, Siegfried"]
[Result "1-0"]
[WhiteElo "2510"]
[BlackElo "2360"]
[PlyCount "69"]
[EventDate "1998.??.??"]

1. e4 e6 2. d4 d5 3. Nd2 c5 4. Ngf3 cxd4 5. Nxd4 Nc6 6. Bb5 Bd7 7. Nxc6 bxc6 8.
Bd3 Qc7 9. Qe2 Bd6 10. Nf3 dxe4 11. Qxe4 Nf6 12. Qh4 Rb8 13. O-O h6 14. b3 c5
15. Bb2 Bc6 16. Bxf6 gxf6 17. Be4 Bxe4 18. Qxe4 Rg8 19. Rad1 Ke7 20. Rd3 Rbd8
21. Rfd1 Bf4 22. g3 Rxd3 23. Rxd3 Bd6 24. Nd2 Be5 25. Nc4 Bd4 26. c3 f5 27.
Qh4+ Bf6 28. Qxh6 Rg5 29. Qh7 Qc6 30. Nd6 Rg7 31. Qh5 f4 32. Ne4 e5 33. Qf5 Qe6
34. Qxe6+ Kxe6 35. Rd6+ 1-0

[Event "33rd Olympiad men"]
[Site "Elista RUS"]
[Date "1998.10.02"]
[Round "4.3"]
[White "Danner, Georg"]
[Black "Arlandi, Ennio"]
[Result "1/2-1/2"]
[WhiteElo "2340"]
[BlackElo "2440"]
[PlyCount "27"]
[EventDate "1998.??.??"]

1. d4 d5 2. Nf3 Nf6 3. e3 e6 4. Bd3 c5 5. b3 Be7 6. O-O O-O 7. Bb2 Nc6 8. Nbd2
b6 9. Ne5 Bb7 10. f4 Nb4 11. Be2 Ne4 12. a3 Nc6 13. Nxe4 dxe4 14. Ba6 1/2-1/2

[Event "33rd Olympiad men"]
[Site "Elista RUS"]
[Date "1998.10.02"]
[Round "4.4"]
[White "D'Amore, Carlo"]
[Black "Weiss, Christian"]
[Result "0-1"]
[WhiteElo "2465"]
[BlackElo "2370"]
[PlyCount "74"]
[EventDate "1998.??.??"]

1. e4 c5 2. Nf3 e6 3. d3 d5 4. Nbd2 Nf6 5. g3 Nc6 6. Bg2 Be7 7. O-O b6 8. Re1
Bb7 9. e5 Nd7 10. h4 Qc7 11. Qe2 h6 12. Nf1 O-O-O 13. c3 Rdg8 14. N1h2 g5 15.
hxg5 hxg5 16. Ng4 d4 17. Bd2 Kb8 18. Rac1 dxc3 19. bxc3 Rh5 20. d4 Rgh8 21. Qd3
Qd8 22. d5 exd5 23. Qxd5 Nd4 24. Qxb7+ Kxb7 25. Nxd4+ Kc7 26. e6 cxd4 27. cxd4+
Nc5 28. dxc5 Qxd2 29. cxb6+ Kxb6 30. exf7 Bc5 31. Rb1+ Ka5 32. Rbd1 Qc2 33. Rc1
Qh7 34. Rxc5+ Kb4 35. Be4 Rh1+ 36. Kg2 Qh3+ 37. Kf3 Rxe1 0-1

[Event "33rd Olympiad men"]
[Site "Elista RUS"]
[Date "1998.10.03"]
[Round "5.1"]
[White "Barua, Dibyendu"]
[Black "Brestian, Egon"]
[Result "1/2-1/2"]
[WhiteElo "2540"]
[BlackElo "2430"]
[PlyCount "48"]
[EventDate "1998.??.??"]

1. e4 c6 2. d4 d5 3. exd5 cxd5 4. c4 Nf6 5. Nc3 g6 6. Qb3 Bg7 7. cxd5 O-O 8.
Be2 Na6 9. Bf3 Qb6 10. Qxb6 axb6 11. Nge2 Nb4 12. O-O Rd8 13. d6 Rxd6 14. Bf4
Rd7 15. Rfd1 Nfd5 16. Bg3 Kf8 17. Nb5 Ra5 18. a4 Bh6 19. Nec3 Nf4 20. d5 Rd8
21. Na3 Bf5 22. Nc4 Rc5 23. Ne3 Nfd3 24. Ne4 Bxe4 1/2-1/2

[Event "33rd Olympiad men"]
[Site "Elista RUS"]
[Date "1998.10.03"]
[Round "5.2"]
[White "Baumegger, Siegfried"]
[Black "Thipsay, Praveen"]
[Result "1/2-1/2"]
[WhiteElo "2360"]
[BlackElo "2450"]
[PlyCount "153"]
[EventDate "1998.??.??"]

1. Nf3 Nf6 2. c4 g6 3. g3 Bg7 4. Bg2 O-O 5. O-O d6 6. Nc3 e5 7. d3 Nc6 8. Rb1
h6 9. b4 Be6 10. b5 Ne7 11. a4 Qd7 12. Ba3 Rfe8 13. e4 Bg4 14. Qd2 Nh7 15. Ne1
h5 16. h4 Kh8 17. Nc2 Bh3 18. Ne3 Bxg2 19. Kxg2 f5 20. exf5 gxf5 21. Ned5 Nxd5
22. Nxd5 f4 23. Qe2 c6 24. bxc6 bxc6 25. Nc3 Re6 26. Ne4 Rf8 27. Kh2 f3 28. Qb2
Rg6 29. Qb7 Qe6 30. Bxd6 Rf4 31. Qe7 Rxe4 32. Rb8+ Nf8 33. Qxe6 Rxe6 34. Bxf8
Re2 35. Bc5+ Kh7 36. Rb7 Kg6 37. Rd1 a5 38. Ra7 e4 39. dxe4 R2xe4 40. Rxa5 Bc3
41. Ra8 Rxc4 42. Be3 Be5 43. Kh3 c5 44. Rc8 Bd4 45. Bxd4 Rxd4 46. Rxd4 cxd4 47.
g4 hxg4+ 48. Kxg4 d3 49. Rd8 Re4+ 50. Kg3 Rxa4 51. Rxd3 Kh5 52. Rd5+ Kg6 53.
Rg5+ Kh6 54. Rf5 Kg6 55. Rxf3 Rb4 56. Rd3 Ra4 57. f4 Ra1 58. Kg4 Rg1+ 59. Rg3
Rf1 60. Rg2 Kf6 61. h5 Rh1 62. Rg3 Rh2 63. Rh3 Rg2+ 64. Kf3 Ra2 65. h6 Kg6 66.
Rh1 Kh7 67. Kg4 Ra5 68. f5 Ra2 69. Kg5 Rg2+ 70. Kf6 Ra2 71. Rh3 Ra1 72. Rd3 Ra2
73. Ke7 Kxh6 74. f6 Ra7+ 75. Rd7 Ra8 76. Kf7 Kh7 77. Rc7 1/2-1/2

[Event "33rd Olympiad men"]
[Site "Elista RUS"]
[Date "1998.10.03"]
[Round "5.3"]
[White "Saravanan, V."]
[Black "Sommerbauer, Norbert"]
[Result "0-1"]
[WhiteElo "2390"]
[BlackElo "2400"]
[PlyCount "82"]
[EventDate "1998.??.??"]

1. e4 c5 2. Nf3 Nc6 3. d4 cxd4 4. Nxd4 Qc7 5. Nc3 e6 6. Be3 a6 7. Qd2 Nf6 8. f3
Be7 9. O-O-O O-O 10. g4 d6 11. g5 Nd7 12. h4 b5 13. Nxc6 Qxc6 14. Kb1 Ne5 15.
Qg2 Bb7 16. h5 Rac8 17. Bd3 b4 18. Ne2 Nxd3 19. cxd3 b3 20. axb3 Qc2+ 21. Ka2
Rc3 22. Rd2 Qxb3+ 23. Kb1 Rxd3 24. Nd4 Rxd2 25. Qxd2 Qa4 26. g6 fxg6 27. Qg2
Rf6 28. h6 gxh6 29. Rxh6 Qd1+ 30. Ka2 Qa4+ 31. Kb1 Qc4 32. Rh1 e5 33. Nf5 Bf8
34. Bg5 Qd3+ 35. Ka1 Rf7 36. Bh6 Rxf5 37. exf5 Bxf3 38. Qh3 Qe4 39. Rh2 Qa4+
40. Kb1 Be4+ 41. Kc1 Bxf5 0-1

[Event "33rd Olympiad men"]
[Site "Elista RUS"]
[Date "1998.10.03"]
[Round "5.4"]
[White "Weiss, Christian"]
[Black "Deshmukh, Anup"]
[Result "1-0"]
[WhiteElo "2370"]
[BlackElo "2430"]
[PlyCount "87"]
[EventDate "1998.??.??"]

1. d4 Nf6 2. Nf3 e6 3. g3 b6 4. Bg2 Bb7 5. O-O Be7 6. c4 O-O 7. d5 Qc8 8. Nc3
Re8 9. Nd4 Bb4 10. Bd2 a5 11. Nc2 Na6 12. Re1 Nc5 13. a3 Bxc3 14. Bxc3 Nfe4 15.
Bd4 exd5 16. Bxc5 bxc5 17. cxd5 d6 18. f3 Nf6 19. e4 Ba6 20. b4 axb4 21. axb4
cxb4 22. Nxb4 Bb5 23. Qd4 Qb7 24. Bf1 Nd7 25. Bxb5 Qxb5 26. Nc6 Rxa1 27. Rxa1
f5 28. Qa4 Qc5+ 29. Nd4 fxe4 30. Kh1 Nf6 31. Ne6 Qf2 32. fxe4 Rb8 33. Qa2 Qf3+
34. Qg2 Qe3 35. Rf1 Nxe4 36. Qb2 Nxg3+ 37. hxg3 Qh6+ 38. Qh2 Qg6 39. Qf2 h6 40.
Nf4 Qf5 41. Qe2 Kh7 42. Rc1 Rb3 43. Kg2 Qg5 44. Qc2+ 1-0

[Event "33rd Olympiad men"]
[Site "Elista RUS"]
[Date "1998.10.04"]
[Round "6.1"]
[White "Akesson, Ralf"]
[Black "Brestian, Egon"]
[Result "1-0"]
[WhiteElo "2510"]
[BlackElo "2430"]
[PlyCount "91"]
[EventDate "1998.??.??"]

1. d4 c5 2. d5 e5 3. e4 d6 4. Nc3 Be7 5. Nf3 Bg4 6. h3 Bxf3 7. Qxf3 a6 8. Qg3
g6 9. h4 h5 10. a4 Nd7 11. a5 Ngf6 12. Be2 Qc7 13. O-O Qd8 14. Qh3 O-O 15. g3
Kh7 16. Bd2 Ne8 17. Nd1 Ng7 18. Ne3 Nf6 19. Bd3 Ng8 20. f4 exf4 21. Rxf4 Bf6
22. Nc4 Qe7 23. Raf1 Bd4+ 24. Kg2 Ne8 25. b4 cxb4 26. Bxb4 Nh6 27. e5 Bxe5 28.
Re1 Ng4 29. Rxg4 hxg4 30. Qxg4 f5 31. Qf3 Qf6 32. Nxe5 dxe5 33. Bxf8 e4 34.
Bxe4 Qxf8 35. h5 Qb4 36. hxg6+ Kg7 37. c3 Qxa5 38. Qxf5 Nf6 39. Qe6 Qxc3 40.
Qf7+ Kh6 41. g7 Qd2+ 42. Kh3 Qg5 43. Rh1 Nh5 44. g4 Qe3+ 45. Bf3 Rc8 46. gxh5
1-0

[Event "33rd Olympiad men"]
[Site "Elista RUS"]
[Date "1998.10.04"]
[Round "6.3"]
[White "Hall, Jesper"]
[Black "Sommerbauer, Norbert"]
[Result "1/2-1/2"]
[WhiteElo "2485"]
[BlackElo "2400"]
[PlyCount "79"]
[EventDate "1998.??.??"]

1. d4 d5 2. c4 e6 3. Nc3 c5 4. e3 Nf6 5. Nf3 Nc6 6. a3 a6 7. dxc5 Bxc5 8. b4
Ba7 9. Bb2 O-O 10. cxd5 exd5 11. b5 axb5 12. Nxb5 Bb6 13. Bd3 Ba5+ 14. Ke2 Bg4
15. Qb3 Ne4 16. Rhd1 Qh4 17. Rf1 Nd2 18. Qxd5 Rad8 19. Qc5 Bxf3+ 20. gxf3 Qh3
21. Nc3 Qxf3+ 22. Kxd2 Rd5 23. Qc4 Rxd3+ 24. Qxd3 Rd8 25. Qxd8+ Nxd8 26. Rad1
Ne6 27. Kc2 h5 28. Kb1 h4 29. Nd5 Kh7 30. Ka1 f6 31. Rg1 Nc5 32. Nf4 Qxf2 33.
Rg2 Qxe3 34. Rdg1 Qxf4 35. Rxg7+ Kh6 36. Rg8 Kh7 37. R8g7+ Kh6 38. Rg8 Kh7 39.
R8g7+ Kh6 40. Rg8 1/2-1/2

[Event "33rd Olympiad men"]
[Site "Elista RUS"]
[Date "1998.10.04"]
[Round "6.4"]
[White "Weiss, Christian"]
[Black "Hillarp Persson, Tiger"]
[Result "1-0"]
[WhiteElo "2370"]
[BlackElo "2410"]
[PlyCount "71"]
[EventDate "1998.??.??"]

1. e4 c5 2. Nf3 d6 3. d4 cxd4 4. Nxd4 Nf6 5. Nc3 a6 6. Bc4 e6 7. Bb3 b5 8. f3
Bb7 9. Be3 Nbd7 10. a3 Ne5 11. O-O Rc8 12. Qe2 Nc4 13. Bxc4 bxc4 14. Rad1 Qa5
15. Qf2 Be7 16. Nde2 Qc7 17. g4 h6 18. Bd4 Bc6 19. Ng3 Rb8 20. Nce2 e5 21. Bc3
g6 22. f4 Nxg4 23. Qf3 f5 24. fxe5 dxe5 25. Nxf5 gxf5 26. Qxf5 Bc5+ 27. Kh1 Nf6
28. Qe6+ Be7 29. Rxf6 Bxe4+ 30. Kg1 Rf8 31. Rxf8+ Kxf8 32. Qxh6+ Kg8 33. Qe6+
Kf8 34. Rf1+ Ke8 35. Qg8+ Kd7 36. Qg4+ 1-0

[Event "33rd Olympiad men"]
[Site "Elista RUS"]
[Date "1998.10.05"]
[Round "7.1"]
[White "Brestian, Egon"]
[Black "Fominykh, A."]
[Result "0-1"]
[WhiteElo "2430"]
[BlackElo "2530"]
[PlyCount "72"]
[EventDate "1998.??.??"]

1. d4 Nf6 2. Nf3 g6 3. c3 Bg7 4. Bf4 d6 5. Nbd2 Nh5 6. e3 Nxf4 7. exf4 O-O 8.
Be2 c5 9. dxc5 dxc5 10. O-O Qc7 11. g3 Rd8 12. Qb3 Nc6 13. Ng5 e6 14. Rad1 b6
15. h4 h6 16. Ngf3 Bb7 17. Nc4 Ne7 18. Nce5 Nd5 19. Rfe1 Nf6 20. Nxf7 Rxd1 21.
Nxh6+ Bxh6 22. Qxe6+ Kg7 23. Rxd1 Re8 24. Qc4 Qc6 25. Kg2 a6 26. a4 Re4 27. Qd3
c4 28. Qc2 Qe6 29. Kf1 Bxf4 30. Ng1 Bh6 31. Bf3 Qf5 32. Kg2 Ng4 33. Rd6 Ne5 34.
Rxb6 Bd5 35. Qd1 Nxf3 36. Nxf3 Re1 0-1

[Event "33rd Olympiad men"]
[Site "Elista RUS"]
[Date "1998.10.05"]
[Round "7.2"]
[White "Makarov, Marat"]
[Black "Danner, Georg"]
[Result "1/2-1/2"]
[WhiteElo "2530"]
[BlackElo "2340"]
[PlyCount "58"]
[EventDate "1998.??.??"]

1. Nf3 Nf6 2. c4 e6 3. g3 c5 4. Bg2 Nc6 5. O-O Qc7 6. Nc3 a6 7. d4 cxd4 8. Nxd4
Bc5 9. Nb3 Bb4 10. Bd2 O-O 11. Rc1 Qb8 12. Bf4 Qa7 13. c5 Bxc3 14. Rxc3 b5 15.
cxb6 Qxb6 16. Qd6 a5 17. Be3 Qa6 18. Re1 a4 19. Nc5 Qb5 20. Rc2 Rb8 21. Bxc6
dxc6 22. Bd4 e5 23. Bxe5 Bf5 24. Rd2 Nd5 25. Bd4 Rfe8 26. g4 Rbd8 27. Qg3 Bc8
28. a3 Nf6 29. Qc3 Bxg4 1/2-1/2

[Event "33rd Olympiad men"]
[Site "Elista RUS"]
[Date "1998.10.05"]
[Round "7.3"]
[White "Sommerbauer, Norbert"]
[Black "Shovunov, B."]
[Result "1/2-1/2"]
[WhiteElo "2400"]
[BlackElo "2470"]
[PlyCount "35"]
[EventDate "1998.??.??"]

1. Nf3 d6 2. d4 Bg4 3. g3 Nf6 4. Bg2 Nbd7 5. O-O c6 6. c4 e5 7. Nc3 Be7 8. h3
Bh5 9. Nh4 O-O 10. Nf5 Re8 11. Nxe7+ Rxe7 12. b3 Qa5 13. Qd2 Ree8 14. dxe5 dxe5
15. Qb2 Qc7 16. Be3 Nf8 17. Rfd1 Ne6 18. Rd2 1/2-1/2

[Event "33rd Olympiad men"]
[Site "Elista RUS"]
[Date "1998.10.05"]
[Round "7.4"]
[White "Kozak, Alexander"]
[Black "Weiss, Christian"]
[Result "1/2-1/2"]
[WhiteElo "2335"]
[BlackElo "2370"]
[PlyCount "168"]
[EventDate "1998.??.??"]

1. e4 c6 2. d3 d5 3. Nd2 e5 4. Ngf3 Bd6 5. Qe2 Qe7 6. d4 exd4 7. exd5 cxd5 8.
Nxd4 Nc6 9. N2b3 Qxe2+ 10. Bxe2 Nge7 11. Be3 Ne5 12. Nb5 Bb8 13. Bc5 b6 14.
Nd6+ Bxd6 15. Bxd6 N5c6 16. O-O-O Be6 17. Bb5 a6 18. Be2 Ra7 19. Rhe1 O-O 20.
Bxe7 Nxe7 21. Nd4 Bc8 22. Bf3 g6 23. Rd3 Kg7 24. Rb3 b5 25. Rbe3 Kf6 26. Re5
Rc7 27. Bxd5 Rc5 28. Rxe7 Rxd5 29. c3 b4 30. Re8 Rxe8 31. Rxe8 Bd7 32. Ra8 a5
33. Kc2 a4 34. Rb8 bxc3 35. bxc3 h5 36. Kd3 h4 37. c4 Re5 38. Rb7 Be8 39. Nf3
Rf5 40. h3 g5 41. Nd2 Ke6 42. Rb6+ Ke7 43. Ne4 f6 44. f3 Bg6 45. Ra6 Rf4 46.
Ke3 Bxe4 47. fxe4 Rf1 48. Rxa4 Rg1 49. Kf2 Rc1 50. Ke3 Rc2 51. Kf3 Ke6 52. Ra6+
Ke5 53. Ra5+ Ke6 54. c5 Rc3+ 55. Kf2 Ke5 56. Rb5 Kxe4 57. a4 Rc2+ 58. Kg1 f5
59. a5 g4 60. Rb4+ Ke5 61. hxg4 Rxc5 62. Ra4 fxg4 63. Rxg4 Rc1+ 64. Kh2 Ra1 65.
Rxh4 Kf5 66. Rh6 Kg5 67. Ra6 Ra3 68. Ra8 Kh5 69. a6 Kg6 70. g4 Kg7 71. Kg2 Kh7
72. Kf2 Kg7 73. Ke2 Ra4 74. Kd3 Rxg4 75. Rc8 Ra4 76. Rc6 Kf7 77. Rh6 Kg7 78.
Rb6 Kf8 79. Rh6 Kg7 80. Rb6 Kf8 81. Kc3 Ke8 82. Kb3 Ra1 83. Rd6 Ke7 84. Rh6 Ke8
1/2-1/2

[Event "33rd Olympiad men"]
[Site "Elista RUS"]
[Date "1998.10.06"]
[Round "8.1"]
[White "Brestian, Egon"]
[Black "Aliev, Kerim"]
[Result "1/2-1/2"]
[WhiteElo "2430"]
[BlackElo "2385"]
[PlyCount "40"]
[EventDate "1998.??.??"]

1. c4 Nf6 2. Nf3 c6 3. d4 d5 4. Nc3 dxc4 5. a4 Bf5 6. e3 e6 7. Bxc4 Bb4 8. O-O
Nbd7 9. Qe2 O-O 10. e4 Bg4 11. e5 Nd5 12. h3 Bh5 13. Ne4 Be7 14. Ng3 Bg6 15.
Bd2 a5 16. Bd3 c5 17. Bxg6 hxg6 18. Rac1 Qb6 19. dxc5 Nxc5 20. Bg5 Rfe8 1/2-1/2

[Event "33rd Olympiad men"]
[Site "Elista RUS"]
[Date "1998.10.06"]
[Round "8.2"]
[White "Ovezov, Artek"]
[Black "Baumegger, Siegfried"]
[Result "0-1"]
[WhiteElo "2360"]
[BlackElo "2360"]
[PlyCount "102"]
[EventDate "1998.??.??"]

1. d4 d5 2. c4 c6 3. Nc3 Nf6 4. e3 e6 5. Bd3 dxc4 6. Bxc4 b5 7. Bb3 a6 8. Nf3
c5 9. O-O Bb7 10. Qe2 Nbd7 11. Rd1 Qc7 12. d5 exd5 13. Nxd5 Nxd5 14. Bxd5 Bxd5
15. Rxd5 Be7 16. e4 O-O 17. g3 Rfe8 18. Bf4 Qb7 19. Re1 Bf8 20. Rd2 c4 21. a3
Nc5 22. e5 Nd3 23. Rxd3 cxd3 24. Qxd3 Rad8 25. Qe2 Qd5 26. Be3 Bc5 27. Bxc5
Qxc5 28. Qe4 h6 29. Qg4 Qc4 30. Qxc4 bxc4 31. Rc1 Rd3 32. Kg2 Rc8 33. Rc2 Rc5
34. Nd2 Rxe5 35. Nxc4 Rc5 36. Kf1 Rd4 37. b3 Rd3 38. Rb2 Rb5 39. Nd2 f6 40. Rc2
Re5 41. a4 Kf7 42. Nc4 Rd1+ 43. Kg2 Ree1 44. Rc3 Rc1 45. Rf3 g5 46. g4 h5 47.
Kh3 Rg1 48. Rg3 Kg6 49. Na5 Rc3 50. b4 hxg4+ 51. Kxg4 f5+ 0-1

[Event "33rd Olympiad men"]
[Site "Elista RUS"]
[Date "1998.10.06"]
[Round "8.3"]
[White "Sommerbauer, Norbert"]
[Black "Annageldyev, Orazly"]
[Result "1/2-1/2"]
[WhiteElo "2400"]
[BlackElo "2445"]
[PlyCount "47"]
[EventDate "1998.??.??"]

1. Nf3 Nf6 2. c4 c5 3. Nc3 g6 4. e4 d6 5. d4 cxd4 6. Nxd4 Nc6 7. Be2 Nxd4 8.
Qxd4 Bg7 9. Be3 O-O 10. Qd2 Be6 11. O-O Qa5 12. Rac1 Rfc8 13. b3 Ng4 14. Bxg4
Bxg4 15. Bd4 Bxd4 16. Qxd4 Qc5 17. Qd2 Be6 18. Nd5 Bxd5 19. exd5 a5 20. Rfe1
Re8 21. Re4 e5 22. dxe6 Rxe6 23. Rxe6 fxe6 24. Rd1 1/2-1/2

[Event "33rd Olympiad men"]
[Site "Elista RUS"]
[Date "1998.10.06"]
[Round "8.4"]
[White "Geldyev, Gochmyrad"]
[Black "Weiss, Christian"]
[Result "1-0"]
[WhiteElo "2355"]
[BlackElo "2370"]
[PlyCount "57"]
[EventDate "1998.??.??"]

1. e4 c6 2. c4 e5 3. d4 d6 4. Nf3 Nd7 5. Nc3 Ngf6 6. Be2 Be7 7. O-O O-O 8. Re1
Re8 9. Bf1 Bf8 10. Bg5 h6 11. Bh4 Qc7 12. a3 Nh5 13. b4 g5 14. Bg3 Nxg3 15.
hxg3 exd4 16. Nxd4 Ne5 17. Rc1 Bg7 18. Qd2 Qb6 19. Nf5 Bxf5 20. exf5 Ng4 21.
Ne4 Bd4 22. c5 dxc5 23. bxc5 Qb2 24. Rc2 Qb3 25. Bc4 Qa4 26. Qxd4 Qxc2 27.
Bxf7+ Kxf7 28. Nd6+ Kg8 29. Nxe8 1-0

[Event "33rd Olympiad men"]
[Site "Elista RUS"]
[Date "1998.10.07"]
[Round "9.1"]
[White "Dao, Thien Hai"]
[Black "Baumegger, Siegfried"]
[Result "1-0"]
[WhiteElo "2580"]
[BlackElo "2360"]
[PlyCount "99"]
[EventDate "1998.??.??"]

1. d4 e6 2. c4 Nf6 3. Nc3 Bb4 4. Qc2 O-O 5. a3 Bxc3+ 6. Qxc3 d6 7. Qc2 e5 8. d5
c6 9. e4 b5 10. Bg5 Bb7 11. Rd1 bxc4 12. Bxc4 Qa5+ 13. b4 Qxa3 14. Rb1 cxd5 15.
Bc1 Qxc1+ 16. Rxc1 dxc4 17. Qxc4 Bxe4 18. Nf3 Nc6 19. b5 Na5 20. Qc3 Nb7 21.
O-O Nd7 22. Ng5 Bg6 23. f4 exf4 24. Nh3 Nbc5 25. Nxf4 Ne5 26. Nxg6 hxg6 27.
Rcd1 Ne4 28. Qe3 f5 29. Ra1 Rf7 30. b6 Nc4 31. b7 Rxb7 32. Qd4 Nb6 33. Rfc1 Re7
34. Rc6 Rae8 35. h3 Kh7 36. Kh2 Rf8 37. Rac1 Rff7 38. Qd3 d5 39. Qd1 Rd7 40.
Qe1 g5 41. Qd1 Nf6 42. Qf3 g6 43. Re6 d4 44. Qg3 Ne4 45. Qe5 d3 46. Rcc6 Rg7
47. Re8 d2 48. Qb8 Kh6 49. Rh8+ Rh7 50. Qg8 1-0

[Event "33rd Olympiad men"]
[Site "Elista RUS"]
[Date "1998.10.07"]
[Round "9.2"]
[White "Danner, Georg"]
[Black "Tu, Hoang Thong"]
[Result "1/2-1/2"]
[WhiteElo "2340"]
[BlackElo "2480"]
[PlyCount "47"]
[EventDate "1998.??.??"]

1. d4 c5 2. d5 f5 3. e4 fxe4 4. Nc3 Nf6 5. Nge2 e5 6. dxe6 Nc6 7. Bg5 h6 8.
Bxf6 Qxf6 9. Qd5 d6 10. Qxe4 Qxe6 11. O-O-O Be7 12. Ng3 Nd4 13. Nd5 Kd8 14. c3
Nf5 15. Bd3 Nxg3 16. hxg3 Qxe4 17. Bxe4 Be6 18. Nxe7 Kxe7 19. Rhe1 Raf8 20. Rd2
Kd7 21. b3 b6 22. Bc6+ Kxc6 23. Rxe6 Rd8 24. c4 1/2-1/2

[Event "33rd Olympiad men"]
[Site "Elista RUS"]
[Date "1998.10.07"]
[Round "9.3"]
[White "Tu, Hoang Thai"]
[Black "Sommerbauer, Norbert"]
[Result "1/2-1/2"]
[WhiteElo "2300"]
[BlackElo "2400"]
[PlyCount "87"]
[EventDate "1998.??.??"]

1. c4 e6 2. Nf3 d5 3. g3 Nf6 4. Bg2 dxc4 5. Qa4+ Nbd7 6. O-O c5 7. Qxc4 b6 8.
Ng5 Rb8 9. Nc3 Bb7 10. d4 Bxg2 11. Kxg2 Qc8 12. dxc5 Bxc5 13. Bf4 Qb7+ 14. f3
Rc8 15. Nge4 O-O 16. Rfd1 Be3 17. Qa4 Bxf4 18. Nxf6+ Nxf6 19. Qxf4 Rc5 20. e4
h6 21. Rd2 b5 22. a3 Rc4 23. Qe5 a6 24. Re1 b4 25. axb4 Rxb4 26. Ree2 Rb8 27.
Qa5 Kh7 28. Qc5 Rc8 29. Qa5 Rb3 30. Qa4 Rb4 31. Qa5 Rcc4 32. Qd8 Rc5 33. Qd6
Rc6 34. Qd3 e5 35. Qd8 Rcb6 36. Nd1 Rc4 37. Nc3 Rcb4 38. Nd1 a5 39. Qd3 Rd4 40.
Qa3 Rxd2 41. Rxd2 Rb5 42. Nc3 Rb3 43. Qxa5 Rxb2 44. Nd1 1/2-1/2

[Event "33rd Olympiad men"]
[Site "Elista RUS"]
[Date "1998.10.08"]
[Round "10.1"]
[White "Baumegger, Siegfried"]
[Black "Cobb, James"]
[Result "1-0"]
[WhiteElo "2360"]
[BlackElo "2305"]
[PlyCount "83"]
[EventDate "1998.??.??"]

1. d4 Nf6 2. c4 e6 3. Nf3 d5 4. Bg5 Be7 5. Nc3 Nbd7 6. e3 O-O 7. Rc1 c6 8. Bd3
dxc4 9. Bxc4 Nd5 10. Bxe7 Qxe7 11. O-O Nxc3 12. Rxc3 e5 13. Qc2 e4 14. Nd2 Nf6
15. a3 Bg4 16. h3 Bf5 17. b4 Rad8 18. f4 h5 19. Ba2 h4 20. Rc5 g6 21. Rc1 Kh7
22. Qb2 a6 23. a4 Nd7 24. R5c2 g5 25. Rf1 Rg8 26. Kh1 g4 27. Rg1 gxh3 28. Nf1
Bg4 29. Nh2 Nf6 30. Rc5 Nh5 31. Nxg4 Ng3+ 32. Kh2 Rxg4 33. gxh3 Rg6 34. Re5 Qf6
35. Bb1 Rdg8 36. Rxe4 Qd6 37. Re5 f5 38. Rxf5 Kh6 39. Re5 Nf5 40. Bxf5 Rxg1 41.
Re6+ Qxe6 42. Bxe6 1-0

[Event "33rd Olympiad men"]
[Site "Elista RUS"]
[Date "1998.10.08"]
[Round "10.2"]
[White "Dyce, Andrew"]
[Black "Danner, Georg"]
[Result "0-1"]
[WhiteElo "2295"]
[BlackElo "2340"]
[PlyCount "112"]
[EventDate "1998.??.??"]

1. e4 c5 2. Nf3 d6 3. d4 Nf6 4. Nc3 cxd4 5. Nxd4 a6 6. Be2 e5 7. Nb3 Be7 8. O-O
O-O 9. Kh1 Be6 10. f4 exf4 11. Bxf4 Nc6 12. Qe1 Ne5 13. Rd1 Qc7 14. Qg3 Rfe8
15. Nd4 Rac8 16. Bg5 Qd8 17. Nf5 Bxf5 18. Rxf5 Ned7 19. Bxf6 Bxf6 20. Rxd6 Bxc3
21. bxc3 Qe7 22. Rd4 Ne5 23. Bd3 b5 24. a4 Rc5 25. h3 bxa4 26. Rxa4 a5 27. Qf2
g6 28. Rf4 Rec8 29. Qe2 Qc7 30. Rf1 Rxc3 31. Rfa1 Rc5 32. Qd2 Nc6 33. Bc4 Ne5
34. Bb3 Rd8 35. Qf4 Rd7 36. Qe3 Kg7 37. Qe1 Nc6 38. Rc4 Rxc4 39. Bxc4 Qe5 40.
Rd1 Rxd1 41. Qxd1 Qxe4 42. Qa1+ Qe5 43. Qa4 Qe1+ 44. Kh2 Ne5 45. Bd5 Qc3 46.
Qe4 Nd7 47. Qe8 Qc7+ 48. Kh1 Nf6 49. Qc6 Qxc6 50. Bxc6 Kf8 51. Kg1 Ke7 52. Kf2
Kd6 53. Ba4 Nd5 54. Bb3 f6 55. Kf3 Ke5 56. c4 Nc3 0-1